<?xml version="1.0" encoding="UTF-8"?>
<record
    xmlns:xsi="http://www.w3.org/2001/XMLSchema-instance"
    xsi:schemaLocation="http://www.loc.gov/MARC21/slim http://www.loc.gov/standards/marcxml/schema/MARC21slim.xsd"
    xmlns="http://www.loc.gov/MARC21/slim">

  <leader>     nam a22     7a 4500</leader>
  <datafield tag="999" ind1=" " ind2=" ">
    <subfield code="c">44787</subfield>
    <subfield code="d">44787</subfield>
  </datafield>
  <controlfield tag="003">OSt</controlfield>
  <controlfield tag="005">20190307101932.0</controlfield>
  <controlfield tag="008">190307b        xxu||||| |||| 00| 0 eng d</controlfield>
  <datafield tag="040" ind1=" " ind2=" ">
    <subfield code="c">IIMT COLLEGE OF POLYTECHNIC</subfield>
  </datafield>
  <datafield tag="100" ind1=" " ind2=" ">
    <subfield code="a">GHARPURE, C.T.</subfield>
  </datafield>
  <datafield tag="245" ind1=" " ind2=" ">
    <subfield code="a">DESIGN OF STEEL AND MASONRY STRUCTURES</subfield>
  </datafield>
  <datafield tag="260" ind1=" " ind2=" ">
    <subfield code="a">MUZAFFARNAGAR</subfield>
    <subfield code="b">ASIAN DISTRIBUTORS</subfield>
    <subfield code="c">2019</subfield>
  </datafield>
  <datafield tag="300" ind1=" " ind2=" ">
    <subfield code="a">518</subfield>
  </datafield>
  <datafield tag="942" ind1=" " ind2=" ">
    <subfield code="2">ddc</subfield>
    <subfield code="c">02</subfield>
  </datafield>
  <datafield tag="952" ind1=" " ind2=" ">
    <subfield code="0">0</subfield>
    <subfield code="1">0</subfield>
    <subfield code="2">ddc</subfield>
    <subfield code="4">0</subfield>
    <subfield code="7">0</subfield>
    <subfield code="a">10</subfield>
    <subfield code="b">10</subfield>
    <subfield code="d">2019-03-07</subfield>
    <subfield code="g">400.00</subfield>
    <subfield code="i">EXMPT/AD/1819/126</subfield>
    <subfield code="l">0</subfield>
    <subfield code="p">10-B-16566</subfield>
    <subfield code="r">2019-03-07</subfield>
    <subfield code="w">2019-03-07</subfield>
    <subfield code="y">02</subfield>
  </datafield>
  <datafield tag="952" ind1=" " ind2=" ">
    <subfield code="0">0</subfield>
    <subfield code="1">0</subfield>
    <subfield code="2">ddc</subfield>
    <subfield code="4">0</subfield>
    <subfield code="7">0</subfield>
    <subfield code="a">10</subfield>
    <subfield code="b">10</subfield>
    <subfield code="d">2019-03-07</subfield>
    <subfield code="g">400.00</subfield>
    <subfield code="i">EXMPT/AD/1819/126</subfield>
    <subfield code="l">0</subfield>
    <subfield code="p">10-B-16567</subfield>
    <subfield code="r">2019-03-07</subfield>
    <subfield code="w">2019-03-07</subfield>
    <subfield code="y">02</subfield>
  </datafield>
  <datafield tag="952" ind1=" " ind2=" ">
    <subfield code="0">0</subfield>
    <subfield code="1">0</subfield>
    <subfield code="2">ddc</subfield>
    <subfield code="4">0</subfield>
    <subfield code="7">0</subfield>
    <subfield code="a">10</subfield>
    <subfield code="b">10</subfield>
    <subfield code="d">2019-03-07</subfield>
    <subfield code="g">400.00</subfield>
    <subfield code="i">EXMPT/AD/1819/126</subfield>
    <subfield code="l">1</subfield>
    <subfield code="p">10-B-16568</subfield>
    <subfield code="r">2024-08-08</subfield>
    <subfield code="s">2024-03-19</subfield>
    <subfield code="w">2019-03-07</subfield>
    <subfield code="y">02</subfield>
  </datafield>
  <datafield tag="952" ind1=" " ind2=" ">
    <subfield code="0">0</subfield>
    <subfield code="1">0</subfield>
    <subfield code="2">ddc</subfield>
    <subfield code="4">0</subfield>
    <subfield code="7">0</subfield>
    <subfield code="a">10</subfield>
    <subfield code="b">10</subfield>
    <subfield code="d">2019-03-07</subfield>
    <subfield code="g">400.00</subfield>
    <subfield code="i">EXMPT/AD/1819/126</subfield>
    <subfield code="l">1</subfield>
    <subfield code="p">10-B-16569</subfield>
    <subfield code="r">2019-06-18</subfield>
    <subfield code="s">2019-05-01</subfield>
    <subfield code="w">2019-03-07</subfield>
    <subfield code="y">02</subfield>
  </datafield>
  <datafield tag="952" ind1=" " ind2=" ">
    <subfield code="0">0</subfield>
    <subfield code="1">0</subfield>
    <subfield code="2">ddc</subfield>
    <subfield code="4">0</subfield>
    <subfield code="7">0</subfield>
    <subfield code="a">10</subfield>
    <subfield code="b">10</subfield>
    <subfield code="d">2019-03-07</subfield>
    <subfield code="g">400.00</subfield>
    <subfield code="i">EXMPT/AD/1819/126</subfield>
    <subfield code="l">1</subfield>
    <subfield code="p">10-B-16570</subfield>
    <subfield code="r">2021-09-16</subfield>
    <subfield code="s">2021-06-16</subfield>
    <subfield code="w">2019-03-07</subfield>
    <subfield code="y">02</subfield>
  </datafield>
  <datafield tag="952" ind1=" " ind2=" ">
    <subfield code="0">0</subfield>
    <subfield code="1">0</subfield>
    <subfield code="2">ddc</subfield>
    <subfield code="4">0</subfield>
    <subfield code="7">0</subfield>
    <subfield code="a">10</subfield>
    <subfield code="b">10</subfield>
    <subfield code="d">2019-03-07</subfield>
    <subfield code="g">400.00</subfield>
    <subfield code="i">EXMPT/AD/1819/126</subfield>
    <subfield code="l">3</subfield>
    <subfield code="p">10-B-16571</subfield>
    <subfield code="q">2021-06-20</subfield>
    <subfield code="r">2021-04-13</subfield>
    <subfield code="s">2021-04-13</subfield>
    <subfield code="w">2019-03-07</subfield>
    <subfield code="y">02</subfield>
  </datafield>
  <datafield tag="952" ind1=" " ind2=" ">
    <subfield code="0">0</subfield>
    <subfield code="1">0</subfield>
    <subfield code="2">ddc</subfield>
    <subfield code="4">0</subfield>
    <subfield code="7">0</subfield>
    <subfield code="a">10</subfield>
    <subfield code="b">10</subfield>
    <subfield code="d">2019-03-07</subfield>
    <subfield code="g">400.00</subfield>
    <subfield code="i">EXMPT/AD/1819/126</subfield>
    <subfield code="l">0</subfield>
    <subfield code="p">10-B-16572</subfield>
    <subfield code="r">2019-03-07</subfield>
    <subfield code="w">2019-03-07</subfield>
    <subfield code="y">02</subfield>
  </datafield>
  <datafield tag="952" ind1=" " ind2=" ">
    <subfield code="0">0</subfield>
    <subfield code="1">0</subfield>
    <subfield code="2">ddc</subfield>
    <subfield code="4">0</subfield>
    <subfield code="7">0</subfield>
    <subfield code="a">10</subfield>
    <subfield code="b">10</subfield>
    <subfield code="d">2019-03-07</subfield>
    <subfield code="g">400.00</subfield>
    <subfield code="i">EXMPT/AD/1819/126</subfield>
    <subfield code="l">0</subfield>
    <subfield code="p">10-B-16573</subfield>
    <subfield code="r">2019-03-07</subfield>
    <subfield code="w">2019-03-07</subfield>
    <subfield code="y">02</subfield>
  </datafield>
  <datafield tag="952" ind1=" " ind2=" ">
    <subfield code="0">0</subfield>
    <subfield code="1">0</subfield>
    <subfield code="2">ddc</subfield>
    <subfield code="4">0</subfield>
    <subfield code="7">0</subfield>
    <subfield code="a">10</subfield>
    <subfield code="b">10</subfield>
    <subfield code="d">2019-03-07</subfield>
    <subfield code="g">400.00</subfield>
    <subfield code="i">EXMPT/AD/1819/126</subfield>
    <subfield code="l">2</subfield>
    <subfield code="p">10-B-16574</subfield>
    <subfield code="r">2025-06-27</subfield>
    <subfield code="s">2025-03-06</subfield>
    <subfield code="w">2019-03-07</subfield>
    <subfield code="y">02</subfield>
  </datafield>
  <datafield tag="952" ind1=" " ind2=" ">
    <subfield code="0">0</subfield>
    <subfield code="1">0</subfield>
    <subfield code="2">ddc</subfield>
    <subfield code="4">0</subfield>
    <subfield code="7">0</subfield>
    <subfield code="a">10</subfield>
    <subfield code="b">10</subfield>
    <subfield code="d">2019-03-07</subfield>
    <subfield code="g">400.00</subfield>
    <subfield code="i">EXMPT/AD/1819/126</subfield>
    <subfield code="l">2</subfield>
    <subfield code="p">10-B-16575</subfield>
    <subfield code="r">2024-07-29</subfield>
    <subfield code="s">2024-03-19</subfield>
    <subfield code="w">2019-03-07</subfield>
    <subfield code="y">02</subfield>
  </datafield>
  <datafield tag="952" ind1=" " ind2=" ">
    <subfield code="0">0</subfield>
    <subfield code="1">0</subfield>
    <subfield code="2">ddc</subfield>
    <subfield code="4">0</subfield>
    <subfield code="7">0</subfield>
    <subfield code="a">10</subfield>
    <subfield code="b">10</subfield>
    <subfield code="d">2019-03-07</subfield>
    <subfield code="g">400.00</subfield>
    <subfield code="i">EXMPT/AD/1819/126</subfield>
    <subfield code="l">1</subfield>
    <subfield code="p">10-B-16576</subfield>
    <subfield code="q">2021-08-31</subfield>
    <subfield code="r">2021-08-09</subfield>
    <subfield code="s">2021-08-09</subfield>
    <subfield code="w">2019-03-07</subfield>
    <subfield code="y">02</subfield>
  </datafield>
  <datafield tag="952" ind1=" " ind2=" ">
    <subfield code="0">0</subfield>
    <subfield code="1">0</subfield>
    <subfield code="2">ddc</subfield>
    <subfield code="4">0</subfield>
    <subfield code="7">0</subfield>
    <subfield code="a">10</subfield>
    <subfield code="b">10</subfield>
    <subfield code="d">2019-03-07</subfield>
    <subfield code="g">400.00</subfield>
    <subfield code="i">EXMPT/AD/1819/126</subfield>
    <subfield code="l">1</subfield>
    <subfield code="p">10-B-16577</subfield>
    <subfield code="r">2023-07-26</subfield>
    <subfield code="s">2023-05-05</subfield>
    <subfield code="w">2019-03-07</subfield>
    <subfield code="y">02</subfield>
  </datafield>
  <datafield tag="952" ind1=" " ind2=" ">
    <subfield code="0">0</subfield>
    <subfield code="1">0</subfield>
    <subfield code="2">ddc</subfield>
    <subfield code="4">0</subfield>
    <subfield code="7">0</subfield>
    <subfield code="a">10</subfield>
    <subfield code="b">10</subfield>
    <subfield code="d">2019-03-07</subfield>
    <subfield code="g">400.00</subfield>
    <subfield code="i">EXMPT/AD/1819/126</subfield>
    <subfield code="l">1</subfield>
    <subfield code="p">10-B-16578</subfield>
    <subfield code="r">2024-08-21</subfield>
    <subfield code="s">2024-03-19</subfield>
    <subfield code="w">2019-03-07</subfield>
    <subfield code="y">02</subfield>
  </datafield>
  <datafield tag="952" ind1=" " ind2=" ">
    <subfield code="0">0</subfield>
    <subfield code="1">0</subfield>
    <subfield code="2">ddc</subfield>
    <subfield code="4">0</subfield>
    <subfield code="7">0</subfield>
    <subfield code="a">10</subfield>
    <subfield code="b">10</subfield>
    <subfield code="d">2019-03-07</subfield>
    <subfield code="g">400.00</subfield>
    <subfield code="i">EXMPT/AD/1819/126</subfield>
    <subfield code="l">1</subfield>
    <subfield code="p">10-B-16579</subfield>
    <subfield code="r">2023-04-20</subfield>
    <subfield code="s">2023-01-30</subfield>
    <subfield code="w">2019-03-07</subfield>
    <subfield code="y">02</subfield>
  </datafield>
  <datafield tag="952" ind1=" " ind2=" ">
    <subfield code="0">0</subfield>
    <subfield code="1">0</subfield>
    <subfield code="2">ddc</subfield>
    <subfield code="4">0</subfield>
    <subfield code="7">0</subfield>
    <subfield code="a">10</subfield>
    <subfield code="b">10</subfield>
    <subfield code="d">2019-03-07</subfield>
    <subfield code="g">400.00</subfield>
    <subfield code="i">EXMPT/AD/1819/126</subfield>
    <subfield code="l">1</subfield>
    <subfield code="p">10-B-16580</subfield>
    <subfield code="r">2021-08-28</subfield>
    <subfield code="s">2021-06-29</subfield>
    <subfield code="w">2019-03-07</subfield>
    <subfield code="y">02</subfield>
  </datafield>
</record>
